000 01058nam a22002537a 4500
005 20240530110528.0
008 160310s2013 ua g b 000 0 ara d
017 _a2012/23075
_bمصر . دار الكتب المصرية
020 _a9789774103032
040 _aEG-CaGPL
082 0 4 _221
_a370.1523\
_bز ا
100 0 _aزبيدة محمد قرنى
245 1 0 _aاستراتيجيات التعلم النشط المتمركز حول الطالب :
_b( و تطبيقاتها فى المواقف التعليمية ) /
_cاعداد زبيدة محمد قرنى
250 _aط1
260 _aالقاهرة :
_bالمكتبة العصرية للنشر و التوزيع ،
_c2013.
300 _a349 ص ؛
_c24 سم .
504 _aيشتمل على ارجاعات ببليوجرافية
650 0 4 _aالتعليم
_xاغراضة و اهدافة
650 0 4 _aاساسيات التعليم
650 0 4 _aالتعليم
_xبرامج
650 0 4 _aالتعليم النشط
942 _2ddc
_cBK
999 _c62037
_d62037